Count of monte cristo / (Record no. 346864)

000 -LEADER
fixed length control field 01318 a2200193 4500
020 ## - INTERNATIONAL STANDARD BOOK NUMBER
International Standard Book Number 1853267333 (paperback)
020 ## - INTERNATIONAL STANDARD BOOK NUMBER
International Standard Book Number 9781853267338 (paperback)
082 04 - DEWEY DECIMAL CLASSIFICATION NUMBER
Classification number 813
090 ## - LOCALLY ASSIGNED LC-TYPE CALL NUMBER (OCLC); LOCAL CALL NUMBER (RLIN)
-- 4420
-- 4420
100 1# - MAIN ENTRY--PERSONAL NAME
Personal name Dumas, Alexandre.
245 10 - TITLE STATEMENT
Title Count of monte cristo /
Statement of responsibility, etc. Alexandre Dumas.
260 ## - PUBLICATION, DISTRIBUTION, ETC.
Place of publication, distribution, etc. [S.l.] :
Name of publisher, distributor, etc. Wordsworth Editions Ltd,
Date of publication, distribution, etc. 1998.
300 ## - PHYSICAL DESCRIPTION
Extent 928 p. ;
Dimensions 20 cm.
490 1# - SERIES STATEMENT
Series statement Wordsworth classics) (wordsworth collection.
520 ## - SUMMARY, ETC.
Summary, etc. With an Introduction and Notes by Keith Wren, University of Kent at Canterbury The story of Edmund Dantes, self-styled Count of Monte Cristo, is told with consummate skill. The victim of a miscarriage of justice, Dantes is fired by a desire for retribution and empowered by a stroke of providence. In his campaign of vengeance, he becomes an anonymous agent of fate. The sensational narrative of intrigue, betrayal, escape, and triumphant revenge moves at a cracking pace. Dumas' novel presents a powerful conflict between good and evil embodied in an epic saga of rich diversity that is complicated by the hero's ultimate discomfort with the hubristic implication of his own actions.
830 #0 - SERIES ADDED ENTRY--UNIFORM TITLE
Uniform title Wordsworth classics) (wordsworth collection.
856 40 - ELECTRONIC LOCATION AND ACCESS
Materials specified Amazon.com
Uniform Resource Identifier <a href="http://www.amazon.com/exec/obidos/ASIN/1853267333/chopaconline-20">http://www.amazon.com/exec/obidos/ASIN/1853267333/chopaconline-20</a>
942 ## - ADDED ENTRY ELEMENTS (KOHA)
Institution code [OBSOLETE] NBS
Koha item type Book
Call number prefix 823 DUM
Holdings
Withdrawn status Lost status Damaged status Not for loan Permanent Location Current Location Date acquired Total Checkouts Total Renewals Full call number Barcode Date last seen Date last checked out Price effective from Koha item type
        Central Library (CL) Central Library (CL) 08/28/2013 4 1 823 DUM NBS5577 07/21/2025 07/07/2021 08/28/2013 Book
© 2023 Central Library, National University of Sciences and Technology. All Rights Reserved.